Regions near and far (Record no. 12)
[ view plain ]
| 000 -LEADER | |
|---|---|
| fixed length control field | 00918nam a22001817a 4500 |
| 008 - FIXED-LENGTH DATA ELEMENTS--GENERAL INFORMATION | |
| fixed length control field | 110818t xxu||||| |||| 00| 0 eng d |
| 020 ## - INTERNATIONAL STANDARD BOOK NUMBER | |
| International Standard Book Number | 0021464200: 978002464035 |
| 050 ## - LIBRARY OF CONGRESS CALL NUMBER | |
| Classification number | H62.R4 |
| 245 ## - TITLE STATEMENT | |
| Title | Regions near and far |
| Statement of responsibility, etc. | James A. Banks ... [et al.]. |
| 260 ## - PUBLICATION, DISTRIBUTION, ETC. | |
| Place of publication, distribution, etc. | New York |
| Name of publisher, distributor, etc. | Macmillan/McGraw-Hill School Pub. Co., |
| Date of publication, distribution, etc. | 1995 |
| 300 ## - PHYSICAL DESCRIPTION | |
| Extent | xiii, 482 p. |
| Other physical details | col. illus |
| Dimensions | 26 cm. |
| 440 ## - SERIES STATEMENT/ADDED ENTRY--TITLE | |
| Title | World around us. |
| 500 ## - GENERAL NOTE | |
| General note | Includes index |
| 505 ## - FORMATTED CONTENTS NOTE | |
| Formatted contents note | Contents: Unit 1. Studying regions -- Unit 2 The Northeast -- Unit 3. The Southeast -- Unit 4. The Middle West -- Unit 5. The South West -- Unit 6. The West -- Special section: Exploring your state: Part 1. Studying your state -- Part 2. State geography -- Part 3. State history -- Part 4. State government -- Part 5. The People -- Part 6. Places to visit |
| 650 ## - SUBJECT ADDED ENTRY--TOPICAL TERM | |
| Topical term or geographic name entry element | Social sciences |
| General subdivision | Study and teaching (Elementary) |
| 700 ## - ADDED ENTRY--PERSONAL NAME | |
| Personal name | Banks, James A. |
| 942 ## - ADDED ENTRY ELEMENTS (KOHA) | |
| Source of classification or shelving scheme | Dewey Decimal Classification |
| Koha item type | Books |
| Withdrawn status | Lost status | Source of classification or shelving scheme | Damaged status | Not for loan | Home library | Current library | Shelving location | Date acquired | Total Checkouts | Full call number | Barcode | Date last seen | Price effective from | Koha item type |
|---|---|---|---|---|---|---|---|---|---|---|---|---|---|---|
| Library of Congress Classification | WISCONSIN INTERNATIONAL UNIVERSITY COLLEGE, GHANA - MAIN LIBRARY | WISCONSIN INTERNATIONAL UNIVERSITY COLLEGE, GHANA - MAIN LIBRARY | General Stacks | 18/08/2011 | H62.R4 | 010/11 | 18/08/2011 | 18/08/2011 | Books |
